[Event "4NCL-9899B WG2-SWD"]
[Site "Rd9-Birmingham"]
[Date "1999.05.01"]
[Round "9.2"]
[White "Dineley, Richard"]
[Black "Norris, Alan"]
[Result "1/2-1/2"]
[WhiteElo "2265"]
[BlackElo "2332"]
[PlyCount "35"]
[EventDate "1999.05.01"]

1. e4 g6 2. d4 Bg7 3. Nc3 c5 4. Nf3 cxd4 5. Nxd4 Nc6 6. Be3 Nf6 7. Bc4 O-O 8.
f3 d5 9. exd5 Nb4 10. O-O Nfxd5 11. Nxd5 Nxd5 12. Bf2 e6 13. c3 b6 14. Nc6 Qc7
15. Bxd5 exd5 16. Nd4 Bb7 17. Qd2 Be5 18. Qh6 1/2-1/2

[Event "4NCL-9899B WG2-SWD"]
[Site "Rd9-Birmingham"]
[Date "1999.05.01"]
[Round "9.3"]
[White "Tiller, Bjorn"]
[Black "James, David"]
[Result "1-0"]
[WhiteElo "2377"]
[BlackElo "2229"]
[PlyCount "47"]
[EventDate "1999.05.01"]

1. e4 c5 2. d3 Nc6 3. f4 d5 4. Be2 e6 5. Nf3 Nf6 6. e5 Nd7 7. c4 f6 8. cxd5
exd5 9. e6 Nb6 10. f5 Bd6 11. Nh4 O-O 12. Bh5 Ne5 13. O-O d4 14. Bf4 Nd5 15.
Qb3 Ne7 16. Nd2 b6 17. Nc4 Bb7 18. Nxe5 Bxe5 19. Bf7+ Kh8 20. Bxe5 fxe5 21. Qd1
e4 22. Qh5 exd3 23. Bg6 h6 24. f6 1-0

[Event "4NCL-9899B WG2-SWD"]
[Site "Rd9-Birmingham"]
[Date "1999.05.01"]
[Round "9.4"]
[White "Richmond, Peter"]
[Black "Lee, Graham"]
[Result "1-0"]
[WhiteElo "2190"]
[BlackElo "2319"]
[PlyCount "77"]
[EventDate "1999.05.01"]

1. e4 c6 2. Ne2 d5 3. e5 c5 4. b4 cxb4 5. d4 Nc6 6. a3 e6 7. axb4 Bxb4+ 8. c3
Be7 9. Ng3 Bd7 10. h4 f5 11. Bd3 a6 12. Nd2 Nh6 13. Nf3 Nf7 14. Qb3 Qc7 15. O-O
Na5 16. Qb1 Nc4 17. Bxc4 dxc4 18. d5 exd5 19. Re1 Nd8 20. Nxf5 Bxf5 21. Qxf5 g6
22. Qg4 Qb6 23. Nd4 Bc5 24. e6 Nc6 25. e7 Nxe7 26. Bg5 Rf8 27. Re6 Qc7 28. Rae1
Rf7 29. h5 Qd7 30. hxg6 hxg6 31. Qh4 Kd8 32. Qh8+ Qe8 33. Qe5 Qd7 34. Rxg6 Kc8
35. Bxe7 Bxe7 36. Rg8+ Rf8 37. Rxf8+ Bxf8 38. Qe8+ Qd8 39. Qf7 1-0

[Event "4NCL-9899B WG2-SWD"]
[Site "Rd9-Birmingham"]
[Date "1999.05.01"]
[Round "9.5"]
[White "Savage, Ben"]
[Black "Saunders, John"]
[Result "0-1"]
[WhiteElo "2140"]
[BlackElo "2204"]
[PlyCount "126"]
[EventDate "1999.05.01"]

1. d4 d6 2. e4 g6 3. Nc3 Bg7 4. Bc4 Nd7 5. Nf3 Nb6 6. Bb3 e6 7. Be3 Ne7 8. Qd2
h6 9. g4 d5 10. e5 a5 11. a4 Bd7 12. h4 Bc6 13. h5 Nc4 14. Qc1 g5 15. Rh3 Qd7
16. Nd2 Nxe5 17. dxe5 d4 18. Nce4 dxe3 19. Rxe3 Nd5 20. Bxd5 Bxd5 21. c4 Bc6
22. Qc3 b6 23. c5 Bd5 24. cxb6 cxb6 25. Nd6+ Qxd6 26. exd6 Bxc3 27. Rxc3 Rd8
28. Nc4 Bxc4 29. Rxc4 Rxd6 30. Rc8+ Rd8 31. Rc6 Rb8 32. Rd1 O-O 33. Rdd6 b5 34.
axb5 Rxb5 35. Rb6 Rc5 36. Rbc6 Re5+ 37. Kf1 Rb8 38. Rb6 Rxb6 39. Rxb6 Rd5 40.
Kg2 Kg7 41. Kg3 Rd4 42. f3 Rb4 43. Ra6 a4 44. Kh3 Kf6 45. Ra5 Ke7 46. Ra7+ Kf6
47. Ra5 e5 48. Ra6+ Kg7 49. Ra7 e4 50. fxe4 Rxe4 51. Kg3 Rb4 52. Kf3 Rb3+ 53.
Kf2 Rxb2+ 54. Kf3 Rb3+ 55. Kf2 a3 56. Kg2 Kf6 57. Ra6+ Ke5 58. Rxh6 Kf4 59. Ra6
Kxg4 60. h6 Rb2+ 61. Kg1 Rb8 62. Rxa3 Rh8 63. Ra6 Kf5 0-1

[Event "4NCL-9899B WG2-SWD"]
[Site "Rd9-Birmingham"]
[Date "1999.05.01"]
[Round "9.6"]
[White "Roberts, David L"]
[Black "Wastney, Scott"]
[Result "0-1"]
[WhiteElo "2195"]
[BlackElo "2155"]
[PlyCount "92"]
[EventDate "1999.05.01"]

1. e4 c5 2. Nf3 e6 3. d4 cxd4 4. Nxd4 Nf6 5. Nc3 Nc6 6. g3 d5 7. exd5 Nxd5 8.
Nxc6 bxc6 9. Bg2 Ba6 10. Ne2 Be7 11. O-O O-O 12. Re1 Qb6 13. Nf4 Bc5 14. Nh3
Rad8 15. Qg4 f5 16. Qh4 Qb4 17. Bg5 Qxh4 18. Bxh4 Rde8 19. Bg5 h6 20. Bf4 g5
21. Be5 Rd8 22. a3 Ne7 23. Rad1 Ng6 24. Bc7 Rxd1 25. Rxd1 e5 26. Kh1 Rf7 27.
Rd8+ Kh7 28. Ba5 e4 29. b4 Bb6 30. Bxb6 axb6 31. Kg1 Ne5 32. Bf1 Nf3+ 33. Kg2
Ne1+ 34. Kg1 Bxf1 35. Kxf1 Nxc2 36. Rc8 Rf6 37. b5 Nd4 38. Rc7+ Kg6 39. bxc6
Rxc6 40. Rb7 Nb5 41. a4 Nc3 42. Ra7 Nd5 43. Ra6 Rc1+ 44. Ke2 Ra1 45. Kd2 f4 46.
gxf4 g4 0-1

[Event "4NCL-9899B WG2-SWD"]
[Site "Rd9-Birmingham"]
[Date "1999.05.01"]
[Round "9.7"]
[White "Tan, Desmond"]
[Black "Binks, Michael"]
[Result "1-0"]
[WhiteElo "2165"]
[BlackElo "2118"]
[PlyCount "73"]
[EventDate "1999.05.01"]

1. e4 e5 2. Nf3 Nc6 3. Bb5 a6 4. Ba4 Nf6 5. O-O Be7 6. Re1 b5 7. Bb3 d6 8. c3
Na5 9. Bc2 c5 10. d3 O-O 11. Nbd2 Be6 12. Nf1 Qc7 13. Ne3 Nc6 14. Qe2 Rfe8 15.
Ng5 Bc8 16. Nd5 Nxd5 17. exd5 Bxg5 18. Bxg5 Ne7 19. d4 f6 20. Bxh7+ Kf8 21. Qf3
Ng8 22. dxe5 dxe5 23. b4 Bb7 24. Be3 cxb4 25. cxb4 Qf7 26. Bc5+ Ne7 27. Qg4 g5
28. d6 Qxh7 29. dxe7+ Kf7 30. Qd7 Bc8 31. Qd5+ Be6 32. Qf3 Rh8 33. Qg3 a5 34.
a3 axb4 35. axb4 Rxa1 36. Rxa1 Ra8 37. e8=Q+ 1-0

[Event "4NCL-9899B WG2-SWD"]
[Site "Rd9-Birmingham"]
[Date "1999.05.01"]
[Round "9.8"]
[White "Blackburn, Suzie"]
[Black "Lazhevskaya, Zhanna"]
[Result "0-1"]
[WhiteElo "1272"]
[BlackElo "2046"]
[PlyCount "110"]
[EventDate "1999.05.01"]

1. d4 d5 2. e3 Nf6 3. Bd3 c5 4. c3 Nc6 5. Nf3 Bg4 6. Nbd2 e6 7. O-O Rc8 8. Qe1
cxd4 9. exd4 Bd6 10. Qe3 Qc7 11. h3 Bh5 12. Re1 Bg6 13. Nf1 Bxd3 14. Qxd3 h6
15. Ne3 O-O 16. Bd2 Ne4 17. Rad1 Nxd2 18. Qxd2 b5 19. a3 Na5 20. Qe2 a6 21. Nd2
Nc4 22. Ndxc4 bxc4 23. Qc2 Rb8 24. Re2 Qb6 25. Rde1 Bc7 26. Qa4 Qd6 27. g3 Rb3
28. Kg2 Rfb8 29. Nd1 R8b5 30. Kh2 Kf8 31. Ne3 Ra5 32. Nf5 Rxa4 33. Nxd6 Bxd6
34. f4 g6 35. Rf1 Bxa3 36. Ra1 Ra5 37. Kg2 Bb4 38. Rxa5 Bxa5 39. Rc2 Bc7 40.
Kf3 a5 41. Ke3 Ke7 42. Ke2 Kf6 43. Ke3 a4 44. Kd2 Ba5 45. Ke3 a3 46. bxa3 Rxa3
47. Kd2 Kf5 48. Ke3 Bxc3 49. g4+ Kf6 50. Ke2 Bxd4 51. h4 g5 52. fxg5+ hxg5 53.
h5 Rg3 54. Rc1 Rxg4 55. Rh1 Rh4 0-1

[Event "4NCL-9899B WIT-NID"]
[Site "Rd9-Birmingham"]
[Date "1999.05.01"]
[Round "9.1"]
[White "Hunt, Adam"]
[Black "Fish, Andrew"]
[Result "0-1"]
[WhiteElo "2297"]
[BlackElo "2115"]
[PlyCount "92"]
[EventDate "1999.05.01"]

1. e4 e6 2. d4 d5 3. Nc3 Bb4 4. e5 c5 5. Bd2 Ne7 6. a3 Bxc3 7. Bxc3 cxd4 8.
Qxd4 Nbc6 9. Qg4 Qb6 10. Nf3 h5 11. Qxg7 Rg8 12. Qh7 d4 13. Bd2 Qxb2 14. Rd1
Bd7 15. Ng5 Nxe5 16. f4 Rxg5 17. fxg5 O-O-O 18. Bd3 Nd5 19. O-O Bc6 20. Be4
Qxa3 21. Bxd5 Bxd5 22. Qg7 Ng4 23. Qxf7 Qc5 24. Qf4 e5 25. Qg3 d3+ 26. Kh1 dxc2
27. Rc1 Be4 28. Qc3 Qxc3 29. Bxc3 Rd1 30. Kg1 Ne3 31. Re1 Rxe1+ 32. Rxe1 Nxg2
33. Rc1 Nf4 34. Kf1 Bd3+ 35. Ke1 Ne2 36. Rxc2 Bxc2 37. Kxe2 b5 38. Bxe5 b4 39.
Ke3 Kd7 40. Kd4 Kc6 41. Kc4 a5 42. Bf6 Bg6 43. Kb3 Kb5 44. h4 a4+ 45. Kb2 a3+
46. Ka1 b3 0-1

[Event "4NCL-9899B WIT-NID"]
[Site "Rd9-Birmingham"]
[Date "1999.05.01"]
[Round "9.2"]
[White "Oates, David"]
[Black "Devereaux, Maxim"]
[Result "0-1"]
[WhiteElo "2180"]
[BlackElo "2220"]
[PlyCount "112"]
[EventDate "1999.05.01"]

1. c4 e5 2. g3 h5 3. h4 Nc6 4. Bg2 Nf6 5. Nc3 Bb4 6. Nd5 Bc5 7. d3 Nxd5 8. cxd5
Ne7 9. Nf3 d6 10. d4 exd4 11. Nxd4 Bg4 12. Be3 Bb4+ 13. Bd2 Bc5 14. Bc3 O-O 15.
Qd2 Re8 16. O-O Bxd4 17. Qxd4 Nf5 18. Qf4 Nh6 19. e3 f6 20. Rac1 Qd7 21. Qd4
Bh3 22. Ba5 Bxg2 23. Kxg2 b6 24. Bd2 Nf5 25. Qf4 Rac8 26. Qf3 Nh6 27. Qxh5 Re5
28. Qf3 Qg4 29. Qxg4 Nxg4 30. e4 Rxe4 31. Rfe1 Rd4 32. Bf4 Rxd5 33. Re7 g5 34.
hxg5 fxg5 35. Be3 c5 36. Rh1 Nxe3+ 37. fxe3 Rd2+ 38. Kf3 Rf8+ 39. Kg4 Rf7 40.
Rh8+ Kg7 41. Rxf7+ Kxf7 42. Kxg5 Rxb2 43. Rh7+ Ke6 44. Rxa7 c4 45. a4 Ke5 46.
a5 bxa5 47. Rxa5+ Ke4 48. Ra6 Rb5+ 49. Kf6 d5 50. Re6+ Kf3 51. g4 Rc5 52. Ke5
Kxe3 53. Kd6+ Kd4 54. Re1 Ra5 55. Kc6 c3 56. Kb6 Ra8 0-1

[Event "4NCL-9899B WIT-NID"]
[Site "Rd9-Birmingham"]
[Date "1999.05.01"]
[Round "9.3"]
[White "Headlong, Tim"]
[Black "Johnston, Dafydd"]
[Result "0-1"]
[WhiteElo "2270"]
[BlackElo "2175"]
[PlyCount "78"]
[EventDate "1999.05.01"]

1. Nf3 Nf6 2. c4 g6 3. Nc3 Bg7 4. d4 O-O 5. e4 d6 6. Be2 e5 7. d5 a5 8. Bg5 h6
9. Bh4 Na6 10. Nd2 Qe8 11. O-O Nh7 12. a3 Bd7 13. f3 f5 14. Rb1 a4 15. Nb5 Bxb5
16. cxb5 Nc5 17. b4 axb3 18. Nxb3 b6 19. Nxc5 bxc5 20. a4 Bf6 21. Bf2 Bd8 22.
Qc2 h5 23. Rb2 Ng5 24. Bd3 fxe4 25. fxe4 Qd7 26. Be3 Rxf1+ 27. Bxf1 Qg4 28.
Bxg5 Bxg5 29. Rb3 Rxa4 30. Rg3 Ra1 31. Rxg4 Be3+ 32. Qf2 Bxf2+ 33. Kxf2 hxg4
34. Be2 Ra2 35. Ke3 Kf7 36. Bxg4 Rxg2 37. h3 Kf6 38. Kd3 Rb2 39. Bd7 Ke7 0-1

[Event "4NCL-9899B WIT-NID"]
[Site "Rd9-Birmingham"]
[Date "1999.05.01"]
[Round "9.4"]
[White "Bennett, Alan"]
[Black "Cooksey, Paul"]
[Result "0-1"]
[WhiteElo "2120"]
[BlackElo "2220"]
[PlyCount "100"]
[EventDate "1999.05.01"]

1. Nf3 c5 2. c4 Nf6 3. g3 d5 4. cxd5 Nxd5 5. Bg2 Nc6 6. O-O e5 7. Nc3 Nc7 8. b3
Be7 9. Bb2 Be6 10. Rc1 f6 11. d3 Qd7 12. Qc2 Rc8 13. Ne4 b6 14. Rfd1 O-O 15.
Ned2 Rfe8 16. Nc4 Bf8 17. Bc3 Nd5 18. Bd2 Nd4 19. Nxd4 exd4 20. e4 dxe3 21.
Nxe3 Nxe3 22. Bxe3 Bd6 23. Qb2 Be5 24. Qb1 Red8 25. a3 Qf7 26. b4 Ba2 27. Qc2
Bb3 28. Qb1 Bxd1 29. Rxd1 Bd4 30. bxc5 Rxc5 31. Qb4 Bxe3 32. fxe3 Qe6 33. e4
Qa2 34. Bf3 Rc7 35. d4 Qc4 36. Qxc4+ Rxc4 37. d5 Rc3 38. Bg4 Kf7 39. d6 g6 40.
Rd4 Rc6 41. d7 Rc5 42. Ra4 Ra5 43. Rxa5 bxa5 44. Kf2 Ke7 45. Ke3 Rb8 46. Kd4
Rb3 47. Kd5 Rxa3 48. Kc6 Ra1 49. Kc7 Rc1+ 50. Kb7 a4 0-1

[Event "4NCL-9899B WIT-NID"]
[Site "Rd9-Birmingham"]
[Date "1999.05.01"]
[Round "9.5"]
[White "Rose, Matthew"]
[Black "Price, Chris"]
[Result "0-1"]
[WhiteElo "2130"]
[BlackElo "2115"]
[PlyCount "52"]
[EventDate "1999.05.01"]

1. e4 e6 2. d4 d5 3. Nd2 Nf6 4. e5 Nfd7 5. c3 c5 6. f4 Nc6 7. Ndf3 Qa5 8. Kf2
b5 9. Ne2 Be7 10. g3 Ba6 11. a3 b4 12. Bd2 bxc3 13. Bxc3 Qb6 14. Kg2 O-O 15. f5
cxd4 16. Nexd4 Ncxe5 17. Bxa6 Qxa6 18. Re1 Bf6 19. Nxe5 Bxe5 20. b4 Rac8 21.
Bb2 Rc4 22. Rb1 Rfc8 23. fxe6 fxe6 24. Kh3 Bxd4 25. Bxd4 e5 26. b5 Qh6+ 0-1

[Event "4NCL-9899B WIT-NID"]
[Site "Rd9-Birmingham"]
[Date "1999.05.01"]
[Round "9.6"]
[White "Jones, Richard S"]
[Black "Dickinson, Tim"]
[Result "0-1"]
[WhiteElo "2095"]
[BlackElo "2157"]
[PlyCount "211"]
[EventDate "1999.05.01"]

1. e4 c6 2. d4 d5 3. exd5 cxd5 4. c4 Nf6 5. Nc3 e6 6. Nf3 Bb4 7. cxd5 Nxd5 8.
Bd2 b6 9. Bd3 Bb7 10. O-O Nc6 11. Re1 Be7 12. a3 O-O 13. Bc2 Rc8 14. Qe2 Nxc3
15. bxc3 Bf6 16. Qd3 g6 17. Bh6 Re8 18. Rad1 Qc7 19. Bg5 Bg7 20. Ba4 Rf8 21. c4
Na5 22. Nd2 h6 23. Bh4 Qf4 24. Be7 Bxd4 25. Qg3 Qxg3 26. hxg3 Bc5 27. Bxf8 Kxf8
28. Nb3 Bxa3 29. Nxa5 bxa5 30. Rd7 Ba6 31. Bb5 Bxb5 32. cxb5 Rb8 33. Rxa7 Rxb5
34. Re2 Bc5 35. Ra8+ Kg7 36. Kh2 Bb4 37. Rc2 h5 38. Ra7 Rf5 39. Kh3 Be1 40. f3
Bb4 41. Kh2 {(Draw offer)} Bd6 42. Ra6 Rd5 43. Rcc6 Bc5 44. Rc7 Bd6 45. Rcc6
Bc5 46. Rc7 {(Draw offer)} Bf2 47. Rc2 Be1 48. Re2 Rd1 49. Ra7 Kf6 50. Rb2 Bb4
51. Rc2 Bd6 52. Rc4 Rd5 53. f4 g5 54. Rb7 h4 55. gxh4 gxf4 56. Rb1 Kf5 57. Rf1
Kg4 58. Rf2 Kxh4 59. g3+ Kg4 60. gxf4 Rh5+ 61. Kg2 Rf5 62. Ra4 Bb4 63. Raa2 Rd5
64. Rac2 Rd7 65. Rc8 Kf5 66. Rb8 Ra7 67. Rb5+ Kf6 68. Ra2 Bc3 69. Rc5 {
(Draw offer)} Bb4 70. Rb5 Rc7 71. Re2 Rc4 72. Kf3 Rc3+ 73. Re3 Rc8 74. Ree5 Bd6
75. Re4 Bb4 76. Ree5 Rc3+ 77. Re3 Rc1 78. Ke4 Bd2 79. Rh3 Re1+ 80. Kd3 Bxf4 81.
Rxa5 e5 82. Ra7 Ke6 83. Ra6+ Kf5 84. Ra5 f6 85. Rb5 Bg5 86. Rf3+ Kg4 87. Rf2
e4+ 88. Kc2 e3 89. Rff5 e2 90. Rxg5+ fxg5 91. Kd2 Rf1 92. Kxe2 Rf6 93. Rb3 Kh4
94. Ke1 g4 95. Ke2 g3 96. Rb8 Kh3 97. Rh8+ Kg2 98. Rg8 Re6+ 99. Kd2 Kh2 100.
Rh8+ Kg1 101. Rg8 g2 102. Rg7 Re5 103. Kd3 Kf2 104. Kd4 Rf5 105. Ke4 Rf8 106.
Ra7 0-1

[Event "4NCL-9899B WIT-NID"]
[Site "Rd9-Birmingham"]
[Date "1999.05.01"]
[Round "9.7"]
[White "Hannon, Mark"]
[Black "Sinnett, Glyn"]
[Result "1-0"]
[WhiteElo "2032"]
[BlackElo "1865"]
[PlyCount "78"]
[EventDate "1999.05.01"]

1. Nf3 Nf6 2. c4 b6 3. Nc3 Bb7 4. d4 e6 5. a3 Ne4 6. Nxe4 Bxe4 7. Nd2 Bb7 8. e4
Qf6 9. d5 h6 10. Be2 Bc5 11. O-O a5 12. Nb3 Na6 13. Rb1 O-O 14. Bd2 Qh4 15. Bf3
Rae8 16. Nxc5 Nxc5 17. g3 Qe7 18. b4 axb4 19. axb4 Na6 20. Bc3 d6 21. Qd2 e5
22. Bg4 Bc8 23. Bxc8 Rxc8 24. Ra1 Nb8 25. Rae1 f5 26. exf5 Rxf5 27. f4 Nd7 28.
g4 Rf7 29. f5 Rcf8 30. h3 Qh4 31. Qg2 Qe7 32. Ra1 Nb8 33. Bd2 Nd7 34. Be3 Nf6
35. Ra7 Nh7 36. Bxb6 Qd8 37. Be3 Qb8 38. Ra4 Qb7 39. Qd2 Ra8 {time} 1-0

[Event "4NCL-9899B WIT-NID"]
[Site "Rd9-Birmingham"]
[Date "1999.05.01"]
[Round "9.8"]
[White "Powell, Annie"]
[Black "Smith, Lucy"]
[Result "1-0"]
[WhiteElo "1730"]
[BlackElo "1616"]
[PlyCount "81"]
[EventDate "1999.05.01"]

1. e4 c5 2. Nf3 d6 3. d4 cxd4 4. Nxd4 Nf6 5. Nc3 a6 6. Be2 e6 7. O-O Be7 8. Be3
O-O 9. a4 Nc6 10. f4 Qc7 11. g4 Nxd4 12. Bxd4 Nd7 13. Be3 Bf6 14. Bd4 Bxd4+ 15.
Qxd4 Rd8 16. Rad1 Qc5 17. Qxc5 dxc5 18. Rd6 Kf8 19. e5 Ke7 20. Rfd1 b6 21. Bf3
Ra7 22. Kf2 Rc7 23. Ke3 Bb7 24. Bxb7 Rxb7 25. f5 Rbb8 26. Kf4 Nf8 27. Ne4 exf5
28. gxf5 Rxd6 29. Rxd6 Nd7 30. Nc3 Ke8 31. Nd5 Rb7 32. h4 h6 33. h5 a5 34. Rc6
Rb8 35. e6 Nf6 36. Nxf6+ gxf6 37. Rc7 Kf8 38. Rxf7+ Kg8 39. Rxf6 Kg7 40. Rf7+
Kg8 41. Rd7 1-0

[Event "4NCL-9899B WR-COU"]
[Site "Rd9-Birmingham"]
[Date "1999.05.01"]
[Round "9.1"]
[White "Gretarsson, Helgi"]
[Black "Dunworth, Chris"]
[Result "1/2-1/2"]
[WhiteElo "2459"]
[BlackElo "2305"]
[PlyCount "121"]
[EventDate "1999.05.01"]

1. d4 Nf6 2. c4 e6 3. Nf3 b6 4. Bf4 Bb7 5. e3 Be7 6. h3 c5 7. Nc3 cxd4 8. Nxd4
a6 9. Be2 O-O 10. O-O d6 11. Nc2 Qc8 12. Rc1 Rd8 13. Na3 Nbd7 14. Qc2 Qc5 15.
Qb1 Rac8 16. Rfd1 Ne5 17. e4 Qc6 18. Rd4 Ng6 19. Be3 e5 20. Rdd1 Nxe4 21. Qxe4
Qxe4 22. Nxe4 Bxe4 23. Bxb6 Rf8 24. Be3 Rb8 25. Rd2 Nh4 26. Bf1 Nf5 27. g3 Nxe3
28. fxe3 Rfc8 29. Nb1 Bxb1 30. Rxb1 a5 31. Rbd1 Kf8 32. Rc2 Rc5 33. Bg2 Bg5 34.
Kf2 Ke7 35. Bd5 h5 36. h4 Bh6 37. Ke2 g6 38. Rf1 f5 39. e4 f4 40. gxf4 Bxf4 41.
Kd3 Kf6 42. Rg2 Rc7 43. Kc3 Rg7 44. Bc6 Rb6 45. Bb5 g5 46. hxg5+ Rxg5 47. Rxg5
Kxg5 48. Rg1+ Kf6 49. Rh1 Kg5 50. Rg1+ Kh6 51. Be8 h4 52. Rg6+ Kh7 53. Rg4 Bg3
54. Bd7 Kh6 55. Bf5 Kh5 56. Rg8 Bf2 57. Kc2 Bd4 58. b3 a4 59. Rh8+ Kg5 60. Rg8+
Kh5 61. Rh8+ 1/2-1/2

[Event "4NCL-9899B WR-COU"]
[Site "Rd9-Birmingham"]
[Date "1999.05.01"]
[Round "9.2"]
[White "Wall, Tim"]
[Black "Lane, Gary"]
[Result "0-1"]
[WhiteElo "2367"]
[BlackElo "2411"]
[PlyCount "78"]
[EventDate "1999.05.01"]

1. b3 e5 2. Bb2 Nc6 3. e3 d6 4. c4 Nf6 5. Nf3 e4 6. Nd4 Ne5 7. Be2 c5 8. Nb5 a6
9. N5c3 Bg4 10. O-O Bxe2 11. Qxe2 Be7 12. Na3 O-O 13. Nc2 Nd3 14. Ba3 d5 15.
cxd5 b5 16. Nxe4 Qxd5 17. Nxf6+ Bxf6 18. Rab1 b4 19. Bc1 Rad8 20. Rd1 Qe4 21.
f3 Nf4 22. Qc4 Qxc4 23. bxc4 Ne2+ 24. Kf2 Nc3 25. dxc3 Rxd1 26. cxb4 cxb4 27.
Ke2 Rh1 28. Ne1 Bc3 29. Bd2 Rd8 30. Rd1 Bxd2 31. Rxd2 Rxd2+ 32. Kxd2 Rxh2 33.
Kc2 Kf8 34. Kb3 a5 35. Ka4 Rh1 36. Nd3 Ra1 37. Kxa5 b3 38. Kb4 bxa2 39. Kb3 Rd1
0-1

[Event "4NCL-9899B WR-COU"]
[Site "Rd9-Birmingham"]
[Date "1999.05.01"]
[Round "9.4"]
[White "Houska, Miroslav"]
[Black "Potts, Alan"]
[Result "1-0"]
[WhiteElo "2370"]
[BlackElo "2270"]
[PlyCount "41"]
[EventDate "1999.05.01"]

1. d4 Nf6 2. c4 c5 3. d5 b5 4. cxb5 a6 5. bxa6 Bxa6 6. Nc3 d6 7. f4 g6 8. Nf3
Bg7 9. e4 Bxf1 10. Rxf1 O-O 11. Kf2 Nbd7 12. Kg1 Qb6 13. Qe2 Qa6 14. Re1 Nb6
15. Rb1 Na4 16. Nd1 Nd7 17. e5 Qxe2 18. Rxe2 Nab6 19. Nc3 Nc4 20. b3 Rfb8 21.
bxc4 1-0

[Event "4NCL-9899B WR-COU"]
[Site "Rd9-Birmingham"]
[Date "1999.05.01"]
[Round "9.5"]
[White "Gayson, Peter"]
[Black "Harley, Andrew"]
[Result "1/2-1/2"]
[WhiteElo "2250"]
[BlackElo "2305"]
[PlyCount "77"]
[EventDate "1999.05.01"]

1. e4 e6 2. d4 d5 3. Nd2 c5 4. exd5 Qxd5 5. Ngf3 cxd4 6. Bc4 Qd6 7. O-O Nf6 8.
Nb3 Nc6 9. Nbxd4 Nxd4 10. Nxd4 a6 11. c3 Qc7 12. Qe2 Bd6 13. h3 O-O 14. Bb3 h6
15. Qf3 Bh2+ 16. Kh1 Be5 17. Re1 Rd8 18. Be3 b6 19. Qxa8 Bb7 20. Qxd8+ Qxd8 21.
Bd1 Nd5 22. Bf3 Nxe3 23. Rxe3 Bxd4 24. cxd4 Bxf3 25. Rxf3 Qxd4 26. Rb1 Qd2 27.
Kg1 Qc2 28. Re1 Qxb2 29. Rb3 Qxa2 30. Rxb6 a5 {(Draw offer)} 31. Ra6 a4 32. Rc1
a3 33. g3 Qb2 34. Rc8+ Kh7 35. Rca8 Qb1+ 36. Kg2 Qe4+ 37. Kg1 Qe1+ 38. Kg2 Qe4+
39. Kg1 1/2-1/2

[Event "4NCL-9899B WR-COU"]
[Site "Rd9-Birmingham"]
[Date "1999.05.01"]
[Round "9.6"]
[White "Rosen, Daniel"]
[Black "Townsend, M Paul"]
[Result "1/2-1/2"]
[WhiteElo "2228"]
[BlackElo "2225"]
[PlyCount "57"]
[EventDate "1999.05.01"]

1. e4 g6 2. d4 Bg7 3. Nc3 d6 4. Be3 a6 5. Qd2 b5 6. Bd3 Nc6 7. Nge2 e5 8. d5
Nd4 9. O-O Ne7 10. a4 b4 11. Nd1 c6 12. Bxd4 exd4 13. Qxb4 cxd5 14. Nxd4 O-O
15. c3 a5 16. Qb3 Bxd4 17. cxd4 Be6 18. Qc3 Qb6 19. Ne3 Rfc8 20. Qa3 Qxd4 21.
exd5 Nxd5 22. Nxd5 Qxd5 23. Rfd1 Qb3 24. h3 Rab8 25. Bb5 Qxa3 26. Rxa3 Bc4 27.
Rxd6 Bxb5 28. axb5 Rxb5 29. Rd2 1/2-1/2

[Event "4NCL-9899B WR-COU"]
[Site "Rd9-Birmingham"]
[Date "1999.05.01"]
[Round "9.7"]
[White "Barrett, Stephen"]
[Black "Ledger, David"]
[Result "1-0"]
[WhiteElo "2202"]
[BlackElo "2208"]
[PlyCount "85"]
[EventDate "1999.05.01"]

1. d4 Nf6 2. c4 g6 3. Nc3 Bg7 4. Bg5 h6 5. Bh4 d6 6. Nf3 O-O 7. e3 Nbd7 8. Be2
e5 9. Qc2 c6 10. Rd1 Qe7 11. h3 Re8 12. O-O Qf8 13. Bg3 Kh7 14. Bh2 a5 15. c5
dxc5 16. dxe5 Nd5 17. Nxd5 cxd5 18. Rxd5 Nb6 19. Rd6 Nd7 20. Rd5 Nb6 21. Rd2
Nd7 22. Bb5 Nxe5 23. Nxe5 Rxe5 24. Bxe5 Bxe5 25. Rd5 Qg7 26. Qxc5 b6 27. Qxb6
Be6 28. Rd8 Rxd8 29. Qxd8 Bxb2 30. Qxa5 Qe5 31. a4 Qg5 32. Qd2 Ba3 33. f4 Qe7
34. Kh2 Bb4 35. Qe2 Bd5 36. Rd1 Qb7 37. e4 Be6 38. Qd3 Qc7 39. e5 h5 40. Qe4
Qc3 41. Rd8 h4 42. Bd3 Qd2 43. f5 1-0

[Event "4NCL-9899B WR-COU"]
[Site "Rd9-Birmingham"]
[Date "1999.05.01"]
[Round "9.8"]
[White "Turvey, Syringa"]
[Black "Forbes, Cathy"]
[Result "0-1"]
[WhiteElo "1568"]
[BlackElo "2104"]
[PlyCount "78"]
[EventDate "1999.05.01"]

1. e4 c5 2. d4 e6 3. c3 Nf6 4. e5 Nd5 5. Nf3 Be7 6. Bc4 Nb6 7. Bb3 Nc6 8. O-O
O-O 9. Bc2 f5 10. exf6 Bxf6 11. Qd3 g6 12. dxc5 Nd5 13. Bh6 Rf7 14. Nbd2 b6 15.
Ne4 bxc5 16. Nd6 Re7 17. h4 Qc7 18. Ne4 Ne5 19. Nxf6+ Nxf6 20. Nxe5 Qxe5 21.
Rfe1 Qb8 22. Bg5 Rf7 23. Bxf6 Rxf6 24. h5 Qxb2 25. hxg6 hxg6 26. Reb1 Qa3 27.
Qe4 d5 28. Qe5 Kg7 29. g4 Kf7 30. g5 Rf3 31. Qc7+ Kg8 32. Rb3 Qa4 33. Bxg6 Qg4+
34. Kf1 Ba6+ 35. Ke1 Qg1+ 36. Kd2 Rxf2+ 37. Ke3 Re2+ 38. Kf3 Qg2+ 39. Kf4 Qh2+
0-1

[Event "4NCL-9899B BCCA-IK2"]
[Site "Rd10-Birmingham"]
[Date "1999.05.02"]
[Round "10.1"]
[White "Toothill, John"]
[Black "Taylor, Martin"]
[Result "1-0"]
[WhiteElo "2225"]
[BlackElo "2070"]
[PlyCount "119"]
[EventDate "1999.05.02"]

1. e4 e5 2. Nf3 Nc6 3. Bb5 a6 4. Ba4 Nf6 5. O-O b5 6. Bb3 Be7 7. Re1 d6 8. c3
O-O 9. h3 Na5 10. Bc2 c5 11. d4 Qc7 12. Nbd2 Re8 13. Nf1 Nc4 14. b3 Nb6 15. Bg5
h6 16. Be3 Bf8 17. Ng3 g6 18. Qd2 Kh7 19. Rad1 a5 20. Nh2 b4 21. f4 cxd4 22.
cxd4 Ba6 23. fxe5 dxe5 24. Qf2 Nbd7 25. Rc1 Kg8 26. Nf3 Bg7 27. Bb1 Qb8 28.
dxe5 Nxe5 29. Nxe5 Qxe5 30. Rc5 Qe6 31. Rxa5 Nd7 32. Qd2 Bc3 33. Qd1 Bxe1 34.
Qxe1 Ne5 35. Rc5 Bd3 36. Bd4 Qd6 37. Rd5 Qa6 38. Rxe5 Rxe5 39. Bxe5 Bxb1 40.
Qxb1 Qxa2 41. Qf1 Re8 42. Bd4 Rd8 43. Bf6 Rd6 44. e5 Ra6 45. Qc4 Qa1+ 46. Kh2
Ra8 47. Qxb4 Qa3 48. Qc4 Qa6 49. Qh4 Kh7 50. Ne4 Qf1 51. Bg5 h5 52. Ng3 Qe1 53.
Qf4 Ra7 54. Qe4 Qd1 55. Qb4 Ra1 56. Be3 Qb1 57. Qf4 Kg8 58. e6 fxe6 59. Qf6 Ra7
60. Bxa7 1-0

[Event "4NCL-9899B BCCA-IK2"]
[Site "Rd10-Birmingham"]
[Date "1999.05.02"]
[Round "10.2"]
[White "Shephard, Martin"]
[Black "Gough, Michael"]
[Result "0-1"]
[WhiteElo "2136"]
[BlackElo "2160"]
[PlyCount "172"]
[EventDate "1999.05.02"]

1. e4 e6 2. d4 d5 3. Nd2 Nc6 4. Ngf3 Nf6 5. e5 Nd7 6. Bd3 f6 7. Nh4 g6 8. Ndf3
Bg7 9. exf6 Bxf6 10. g3 O-O 11. Bh6 Bg7 12. Qd2 e5 13. Bxg7 Kxg7 14. dxe5 Ndxe5
15. Be2 Qf6 16. O-O-O Nc4 17. Bxc4 dxc4 18. Rde1 h6 19. Re3 g5 20. Ng2 Bg4 21.
Nge1 Rad8 22. Qc3 Qxc3 23. bxc3 Rd5 24. h3 Bh5 25. g4 Bg6 26. Rf1 Rfd8 27. Ng2
Ra5 28. Kb2 Rdd5 29. Ra1 Ra6 30. Nd4 Rb6+ 31. Kc1 Nxd4 32. cxd4 Rxd4 33. Re7+
Kf8 34. Rxc7 Rf6 35. Kb2 Rxf2 36. Ne3 Rdd2 37. Rxc4 Rde2 38. Rc3 Rf3 39. Rc8+
Ke7 40. Nd5+ Kd7 41. Rc4 Rd2 42. Rc3 Rxc3 43. Nxc3 Rxc2+ 44. Kb3 Rh2 45. Rd1+
Ke6 46. Re1+ Kd6 47. Re3 a6 48. Rf3 Ke5 49. Kb4 Rd2 50. Re3+ Kd6 51. Rf3 Rd4+
52. Kb3 Rf4 53. Re3 b5 54. Kb2 b4 55. Ne2 Re4 56. Rd3+ Kc5 57. Rd2 Re3 58. Nd4
Rd3 59. Nb3+ Kd5 60. Rh2 Ke5 61. Nc5 Rd1 62. a3 Rb1+ 63. Ka2 bxa3 64. Re2+ Kd5
65. Nxa6 Rb2+ 66. Rxb2 axb2 67. Kxb2 Be4 68. Kc3 Bg2 69. Kd2 Bxh3 70. Ke3 Bxg4
71. Nb4+ Ke5 72. Nc6+ Kf6 73. Kf2 Bd7 74. Nb4 h5 75. Kg3 Ke5 76. Nd3+ Kf5 77.
Nf2 h4+ 78. Kh3 Kf4+ 79. Kg2 Bf5 80. Nd1 g4 81. Nc3 h3+ 82. Kg1 g3 83. Ne2+ Kg4
84. Nc3 Bc8 85. Ne4 h2+ 86. Kh1 Bb7 0-1

[Event "4NCL-9899B BCCA-IK2"]
[Site "Rd10-Birmingham"]
[Date "1999.05.02"]
[Round "10.3"]
[White "Hall, RVM."]
[Black "Garner, David"]
[Result "1/2-1/2"]
[WhiteElo "2120"]
[BlackElo "2092"]
[PlyCount "92"]
[EventDate "1999.05.02"]

1. e4 e6 2. d4 d5 3. e5 c5 4. c3 Nc6 5. Nf3 Bd7 6. a3 f6 7. b4 fxe5 8. dxe5 Qc7
9. Bf4 Nh6 10. Bd3 Nf7 11. O-O Be7 12. Re1 O-O-O 13. bxc5 g5 14. Bg3 Bxc5 15.
Qe2 g4 16. Nh4 Rdg8 17. Nd2 Ng5 18. Nb3 Bb6 19. Rac1 Na5 20. Nd4 Nc4 21. Bxc4
Qxc4 22. Qxc4+ dxc4 23. Rcd1 Bc5 24. Ra1 Rf8 25. a4 Bxd4 26. cxd4 Bc6 27. Ra3
Rd8 28. f4 gxf3 29. Nxf3 Nxf3+ 30. gxf3 Rxd4 31. Rc3 Rf8 32. Kf2 Bd5 33. Ke2 b6
34. Rf1 Kb7 35. Ke3 Rd3+ 36. Rxd3 cxd3 37. Kxd3 Rxf3+ 38. Rxf3 Bxf3 39. Kc4 Bd1
40. Kb4 a5+ 41. Ka3 Kc6 42. Bf2 h5 43. Bh4 Kd5 44. Bf6 Bc2 45. h4 Kd4 46. Bg7
Kd5 1/2-1/2